000 00945nam a2200277Ia 4500
001 Para_8381
003 CHAP
008 220125s9999 xx 000 0 und d
010 _a207243
040 _cCHAP
082 _aPA-C 595.752 A6
100 _aUichanco, Leopoldo B.
_9173795
245 _aReproduction in the aphidae with a consideration of the modifying influence of environmental factors /
_c by Leopoldo B. Uichanco
300 _a15 p.
440 _aAphidae; 13
_9171222
500 _aSobretiro de: Psyche 28 (4): 95-109, 1921. encuadernado con otros impresos similares
650 _a
_x Afididos
_x Colecciones de escritos
_x Afididos
_x Reproducción
_x Insectos y tiempo atmosférico
_9173798
710 _aPsyche 28 (4)
_9173799
901 _aPA-C 595.752 A6
902 _aA
905 _a000000 0000000000 00
910 _a
942 _cPARA
942 _cPARA
_d1
999 _c207243
_d207243